films par métiers #3 - Statistiques

Statistiques générales
  • Ce quiz a été pris 101 fois
  • Le résultat moyen est 8 sur 20
Statistiques - réponses
Hint Réponse % Correct
Archéologue (Elsa Schneider) Indiana Jones et La Dernière Croisade (1989)
72%
Auxiliaire de vie (Bakari Driss Bassari) Intouchables (2011)
72%
Paléontologue (Alan Grant) Jurassic Park (1993)
65%
Surveillant (Clément Mathieu) Les Choristes (2004)
62%
Chasseur de Prime (King Schultz) Django Unchained (2012)
56%
Propriétaire de Librairie indépendante (William Thacker) Coup de Foudre à Notting Hill (1999)
52%
Cryptologue (Sophie Neveu) Da Vinci Code (2006)
51%
Lieutenant (John McClane) Une Journée en Enfer (1995)
51%
Pompiste (Lambert) Tchao Pantin (1983)
45%
Agriculteur (Aymé Pigrenet) Je vous trouve très beau (2005)
41%
Professeur de Gym (Bruce Kateka) Les Sous-Doués (1980)
38%
Journaliste de Magazine (Alice Lantins) 20 ans d'Ecart (2013)
37%
Coiffeur (Yvon Rance) Meilleur Espoir Féminin (2000)
26%
Libraire spécialisé dans les livres rares (Dean Corso) La Neuvième Porte (1999)
23%
Shérif (Little Bill Daggett) Impitoyable (1992)
21%
Nez chez un parfumeur (Luis Costa) Prête-moi ta main (2006)
20%
Photographe (Melissa Zahia) Polisse (2011)
19%
Concierge/Employé dans un pensionnat (Maurice "Frenchie" Theriault) La Nonne La Malédiction de Sainte Lucie (2023)
17%
Juge des Mineurs (Pierre Michel) La French (2014)
12%
Pasteur (Pas de nom mais personnage principal) Pale Rider (1985)
12%
Aucun quiz correspondant
Distribution des résultats
% des personnes avec chaque résultat
Percentile par nombre de réponses
Votre historique - résultats
Vous n’avez pas pris ce quiz